| 000 | 00742nam a2200229 a 4500 | ||
|---|---|---|---|
| 999 |
_c2299 _d2299 |
||
| 001 | 2299 | ||
| 003 | BD-JhCC | ||
| 005 | 20171031210652.0 | ||
| 008 | 171031s2001 bg |||| ||a| 000 0 ben d | ||
| 035 | _a(BD-JhCC)2299 | ||
| 040 |
_aBD-JhCC _dBD-JhCC |
||
| 041 | _aben | ||
| 082 |
_a891.443 _bIBM 2001 |
||
| 100 | _aইব্রাহিম, ড. নীলিমা | ||
| 245 |
_aরচনা সমগ্র ১ / _cড. নীলিমা ইব্রাহিম |
||
| 260 |
_aঢাকা : _bসময় প্রকাশনী, _c২০০১. |
||
| 300 |
_a476 p. : _c21 cm. |
||
| 650 | _aCollection Of Novel | ||
| 700 | _aমনিরুজ্জামান, ড. মোহাম্মদ | ||
| 942 |
_2ddc _cBK |
||